[Event "Stay Safe Play From Home 387"]
[Site "Emanuel Lasker Arena"]
[Date "2020.08.16"]
[Round "3"]
[White "SelamiSahin"]
[Black "Hickey"]
[Result "1/2-1/2"]
[WhiteElo "2161"]
[BlackElo "2116"]
[Annotator "TA"]
[PlyCount "163"]
[EventDate "2020.08.16"]
[EventType "swiss (blitz)"]

{[%evp 11,163,0,0,-2,14,4,2,5,24,-58,-57,-49,-50,-43,-40,-97,-94,-91,-47,-70,-57,-55,-40,-59,-63,-84,-82,-82,0,0,0,0,0,0,0,0,0,0,0,0,0,0,0,0,0,0,0,0,0,0,0,0,0,0,0,0,0,0,0,0,0,0,0,0,0,0,0,0,0,0,0,0,0,0,0,0,0,0,0,0,0,0,0,0,0,0,0,0,0,0,0,0,0,0,0,0,0,0,0,0,0,0,0,0,0,0,0,0,0,0,0,0,0,0,0,0,0,0,0,0,0,0,0,0,0,0,0,0,0,0,0,0,0,0,0,0,0,0,0,0,0,0,0,0,0,0,0,0,0,0,0,0,0,0]} 1. d4 Nf6 2. c4 e6 3. Nc3 Bb4 4. f3 d5 5. a3 Bxc3+ 6. bxc3 O-O 7. e3 {E27: Nimzo-Indian: Sämisch: 5...0-0 6 f3.} Qe7 {[#]} 8. Bd3 $146 ({Predecessor:} 8. cxd5 exd5 9. Bd3 Re8 10. Ne2 c6 11. O-O c5 12. Ng3 Nc6 13. Ra2 Qc7 14. Re2 {½-½ (32) Legemaat,G (2326)-Konovalenko,A ICCF email 2010}) 8... e5 9. cxd5 Nxd5 10. Ne2 ({White should try} 10. Qd2 $11) 10... exd4 $15 11. cxd4 Nxe3 12. Bxe3 Qxe3 13. Qd2 (13. Be4 $15) 13... Qxd2+ $17 ({Don't play} 13... Re8 $6 14. Qxe3 Rxe3 15. Be4 $11) 14. Kxd2 Nd7 15. a4 c5 16. a5 cxd4 17. Nxd4 Rd8 18. Rhd1 Nc5 19. Ke3 Ne6 (19... Bd7 $17) 20. Be4 $11 {The position is equal.} Nxd4 21. Rxd4 Rxd4 22. Kxd4 {[%mdl 4096] Endgame KRB-KRB} Rb8 23. Rc1 b6 24. Rc7 {White wants to play Bd5.} bxa5 25. Rxa7 g6 26. Bd5 Be6 27. Bxe6 fxe6 {KR-KR} 28. Ke5 Rb5+ 29. Kxe6 Rf5 30. h4 h5 31. Rc7 Rf4 32. Ra7 a4 33. Ke5 Rxh4 34. Kf6 Rh2 35. g4 hxg4 36. fxg4 Rb2 37. Kxg6 {[#] White threatens Ra8+ and mate.} Rb6+ 38. Kh5 Rb4 39. g5 Rc4 40. Kh6 {Hoping for Ra8+.} Rc6+ 41. g6 {[#] Threatening mate with Ra8+.} Rc8 42. Rxa4 Re8 43. Ra7 Rd8 44. Rg7+ Kh8 45. Re7 Kg8 46. Kg5 Rc8 47. Kh6 Rb8 48. Rg7+ Kh8 49. Rf7 Kg8 50. Ra7 Re8 51. Kg5 Rd8 52. Kf6 Rd6+ 53. Kg5 (53. Kf5 {feels hotter.}) 53... Rd8 54. Kg4 Rc8 55. Kh5 Rf8 56. Rb7 Re8 57. Kh6 Rd8 58. Rh7 Re8 59. Rf7 Rd8 60. Rf5 Re8 61. Rd5 Rf8 62. Rd7 Re8 63. Rc7 Rd8 64. Kg5 Ra8 65. Kh6 Rb8 66. Ra7 Re8 67. Rd7 Rc8 68. Rd6 Rf8 69. Rd5 Re8 70. Rd4 Rb8 71. Rc4 Rf8 72. Re4 Rd8 73. Rb4 Rc8 74. Rd4 Re8 75. Rd7 Rc8 76. Rg7+ Kh8 77. Rf7 Kg8 78. Re7 Rf8 79. Rd7 Re8 80. Rc7 Rf8 81. Rb7 Re8 82. Rc7 {Accuracy: White = 96%, Black = 97%.} 1/2-1/2

[Event "Stay Safe Play From Home 387"]
[Site "Emanuel Lasker Arena"]
[Date "2020.08.16"]
[Round "3"]
[White "Uttamchess"]
[Black "Timbre"]
[Result "1-0"]
[WhiteElo "2015"]
[BlackElo "1639"]
[PlyCount "77"]
[EventDate "2020.08.16"]
[EventType "swiss (blitz)"]

1. Nf3 {[%emt 0:00:04]} d5 {[%emt 0:00:07]} 2. g3 {[%emt 0:00:00]} c6 {[%emt 0:00:01]} 3. Bg2 {[%emt 0:00:01]} Nf6 {[%emt 0:00:01]} 4. O-O {[%emt 0:00:00]} Bf5 {[%emt 0:00:02]} 5. d3 {[%emt 0:00:00]} e6 {[%emt 0:00:01]} 6. Nbd2 {[%emt 0:00:01]} Be7 {[%emt 0:00:02]} 7. Qe1 {[%emt 0:00:00]} Nbd7 {[%emt 0:00:03]} 8. e4 {[%emt 0:00:01]} dxe4 {[%emt 0:00:02]} 9. dxe4 {[%emt 0:00:00]} Bg6 {[%emt 0:00:01]} 10. Qe2 {[%emt 0:00:00]} O-O {[%emt 0:00:02]} 11. a4 {[%emt 0:00:01]} Qc7 {[%emt 0:00:02]} 12. b3 {[%emt 0:00:01]} Rad8 {[%emt 0:00:03]} 13. Bb2 {[%emt 0:00:01]} Nb6 {[%emt 0:00:07]} 14. a5 {[%emt 0:00:04]} Nbd7 {[%emt 0:00:04]} 15. Kh1 {[%emt 0:00:17]} Bb4 {[%emt 0:00:04]} 16. a6 {[%emt 0:00:25]} Bxd2 {[%emt 0:00:12]} 17. Nxd2 {[%emt 0:00:03]} b6 {[%emt 0:00:05]} 18. f4 {[%emt 0:00:01]} Nc5 {[%emt 0:00:06]} 19. Ba3 {[%emt 0:00:19]} Rfe8 {[%emt 0:00:10]} 20. e5 {[%emt 0:00:17]} Nd5 {[%emt 0:00:04]} 21. Nc4 {[%emt 0:00:01]} Nxa6 {[%emt 0:00:14]} 22. Nd6 {[%emt 0:00:04]} Nc5 {[%emt 0:00:02]} 23. Nxe8 {[%emt 0:00:05]} Rxe8 {[%emt 0:00:02]} 24. Rfd1 {[%emt 0:00:16]} Nc3 {[%emt 0:00:07]} 25. Qf2 {[%emt 0:00:08]} Nxd1 {[%emt 0:00:03]} 26. Rxd1 {[%emt 0:00:00]} Ne4 {[%emt 0:00:08]} 27. Qe3 {[%emt 0:00:06]} Nc5 {[%emt 0:00:03]} 28. Bxc5 {[%emt 0:00:05]} bxc5 {[%emt 0:00:02]} 29. Qxc5 {[%emt 0:00:00]} Qb8 {[%emt 0:00:12]} 30. Bxc6 {[%emt 0:00:24]} Rf8 {[%emt 0:00:02]} 31. b4 {[%emt 0:00:06]} h6 {[%emt 0:00:02]} 32. b5 {[%emt 0:00:02]} h5 {[%emt 0:00:02]} 33. Rd7 {[%emt 0:00:04]} h4 {[%emt 0:00:06]} 34. c4 {[%emt 0:00:08]} hxg3 {[%emt 0:00:03]} 35. hxg3 {[%emt 0:00:00]} Rd8 {[%emt 0:00:04]} 36. Qxa7 {[%emt 0:00:08]} Qc8 {[%emt 0:00:05]} 37. Kg2 {[%emt 0:00:16]} Rxd7 {[%emt 0:00:03]} 38. Qxd7 {[%emt 0:00:05]} Qb8 {[%emt 0:00:03]} 39. Qe8+ {[%emt 0:00:10] Timbre resigns Timbre resigns Timbre resigns (Lag: Av=0.78s, max=1.2s) (Lag: Av=0.78s, max=1.2s) (Lag: Av=0.78s, max=1.2s)} 1-0

[Event "Stay Safe Play From Home 387"]
[Site "Emanuel Lasker Arena"]
[Date "2020.08.16"]
[Round "3"]
[White "Don59as"]
[Black "Mepe_Nika"]
[Result "0-1"]
[WhiteElo "1969"]
[BlackElo "2301"]
[Annotator "NA"]
[PlyCount "100"]
[EventDate "2020.08.16"]
[EventType "swiss (blitz)"]

1. c4 {[%emt 0:00:05]} c6 {[%emt 0:00:00]} 2. b3 {[%emt 0:00:01]} d5 {[%emt 0:00:00]} 3. Bb2 {[%emt 0:00:00]} d4 {[%emt 0:00:02]} 4. g3 {[%emt 0:00:03]} e5 {[%emt 0:00:01]} 5. Bg2 {[%emt 0:00:00]} c5 {[%emt 0:00:03]} 6. d3 {[%emt 0:00:01]} Nc6 {[%emt 0:00:01]} 7. Nf3 {[%emt 0:00:01]} Nf6 {[%emt 0:00:03]} 8. O-O {[%emt 0:00:01]} Bd6 {[%emt 0:00:00]} 9. e3 {[%emt 0:00:00]} O-O {[%emt 0:00:01]} 10. exd4 {[%emt 0:00:01]} exd4 {[%emt 0:00:00]} 11. Nbd2 {[%emt 0:00:02]} Bf5 {[%emt 0:00:02]} 12. Ne1 {[%emt 0:00:19]} Re8 {[%emt 0:00:01]} 13. f3 {[%emt 0:00:10]} Re3 {[%emt 0:00:08]} 14. Ne4 {[%emt 0:00:02]} Bxe4 {[%emt 0:00:21]} 15. fxe4 {[%emt 0:00:08]} Ne5 {[%emt 0:00:01]} 16. Bc1 {[%emt 0:00:04]} Neg4 {[%emt 0:00:01]} 17. h3 {[%emt 0:00:11]} Rxg3 {[%emt 0:00:13]} 18. hxg4 {[%emt 0:00:01]} Nxg4 {[%emt 0:00:00]} 19. Qe2 {[%emt 0:00:25]} Ne3 {[%emt 0:00:27]} 20. Bxe3 {[%emt 0:00:04]} Rxe3 {[%emt 0:00:04]} 21. Qf2 {[%emt 0:00:02]} Qe7 {[%emt 0:00:07]} 22. Rd1 {[%emt 0:00:06]} Rf8 {[%emt 0:00:02]} 23. Nf3 {[%emt 0:00:01]} f5 {[%emt 0:00:15]} 24. e5 {[%emt 0:00:04]} Bxe5 {[%emt 0:00:06]} 25. Nxe5 {[%emt 0:00:01]} Qxe5 {[%emt 0:00:00]} 26. Qf4 {[%emt 0:00:06]} Qxf4 {[%emt 0:00:06]} 27. Rxf4 {[%emt 0:00:01]} g5 {[%emt 0:00:00]} 28. Rf3 {[%emt 0:00:02]} b6 {[%emt 0:00:07]} 29. Kf2 {[%emt 0:00:09]} f4 {[%emt 0:00:02]} 30. Bh3 {[%emt 0:00:04]} h5 {[%emt 0:00:02]} 31. Rg1 {[%emt 0:00:03]} Re5 {[%emt 0:00:07]} 32. Bd7 {[%emt 0:00:08]} Kg7 {[%emt 0:00:02]} 33. Bc6 {[%emt 0:00:01]} g4 {[%emt 0:00:03]} 34. Be4 {[%emt 0:00:01]} Kh6 {[%emt 0:00:05]} 35. Rh3 {[%emt 0:00:10]} Kg5 {[%emt 0:00:19]} 36. Rhh1 {[%emt 0:00:03]} f3 {[%emt 0:00:05]} 37. Kg3 {[%emt 0:00:12]} Rxe4 {[%emt 0:00:29]} 38. dxe4 {[%emt 0:00:02]} f2 {[%emt 0:00:01]} 39. Rf1 {[%emt 0:00:01]} h4+ {[%emt 0:00:03]} 40. Kg2 {[%emt 0:00:05]} g3 {[%emt 0:00:02]} 41. e5 {[%emt 0:00:06]} Re8 {[%emt 0:00:05]} 42. Rh3 {[%emt 0:00:16]} Rxe5 {[%emt 0:00:02]} 43. Rxg3+ {[%emt 0:00:04]} hxg3 {[%emt 0:00:01]} 44. Kxg3 {[%emt 0:00:00]} Re2 {[%emt 0:00:03]} 45. Kf3 {[%emt 0:00:03]} Rxa2 {[%emt 0:00:01]} 46. Ke4 {[%emt 0:00:00]} Kg4 {[%emt 0:00:02]} 47. Kd5 {[%emt 0:00:03]} Kf3 {[%emt 0:00:02]} 48. b4 {[%emt 0:00:00]} cxb4 {[%emt 0:00:04]} 49. Kxd4 {[%emt 0:00:01]} Ke2 {[%emt 0:00:01]} 50. Rb1 {[%emt 0:00:02]} f1=Q {[%emt 0:00:01] Don59as resigns Don59as resigns Don59as resigns (Lag: Av=0.57s, max=1.2s) (Lag: Av=0.57s, max=1.2s) (Lag: Av=0.57s, max=1.2s)} 0-1

[Event "Stay Safe Play From Home 387"]
[Site "Emanuel Lasker Arena"]
[Date "2020.08.16"]
[Round "3"]
[White "Haris kollari 13"]
[Black "Lazieri3"]
[Result "1-0"]
[WhiteElo "1865"]
[BlackElo "1949"]
[Annotator "NA"]
[PlyCount "103"]
[EventDate "2020.08.16"]
[EventType "swiss (blitz)"]

1. e4 {[%emt 0:00:01]} c6 {[%emt 0:00:00]} 2. f4 {[%emt 0:00:01]} d5 {[%emt 0:00:00]} 3. e5 {[%emt 0:00:00]} Bf5 {[%emt 0:00:01]} 4. d4 {[%emt 0:00:01]} e6 {[%emt 0:00:02]} 5. Nf3 {[%emt 0:00:01] Lazieri3 offers a draw} c5 {[%emt 0:00:04]} 6. c3 {[%emt 0:00:01]} Nc6 {[%emt 0:00:01]} 7. Bd3 {[%emt 0:00:01]} Bxd3 {[%emt 0:00:01]} 8. Qxd3 {[%emt 0:00:01]} g6 {[%emt 0:00:02]} 9. O-O {[%emt 0:00:02]} h5 {[%emt 0:00:01]} 10. b3 {[%emt 0:00:01]} cxd4 {[%emt 0:00:05]} 11. cxd4 {[%emt 0:00:01]} Nge7 {[%emt 0:00:00]} 12. Bd2 {[%emt 0:00:02]} Nf5 {[%emt 0:00:02]} 13. Qe2 {[%emt 0:00:01]} Nh4 {[%emt 0:00:05]} 14. Nxh4 {[%emt 0:00:10]} Qxh4 {[%emt 0:00:00]} 15. g3 {[%emt 0:00:01]} Qd8 {[%emt 0:00:02]} 16. Be3 {[%emt 0:00:01]} Bb4 {[%emt 0:00:03]} 17. Rc1 {[%emt 0:00:02]} Qb6 {[%emt 0:00:09]} 18. a3 {[%emt 0:00:04]} Be7 {[%emt 0:00:01]} 19. Qd3 {[%emt 0:00:03]} Rc8 {[%emt 0:00:02]} 20. b4 {[%emt 0:00:01]} a6 {[%emt 0:00:01]} 21. Nd2 {[%emt 0:00:01]} O-O {[%emt 0:00:03]} 22. Nb3 {[%emt 0:00:01]} Na7 {[%emt 0:00:03]} 23. Nc5 {[%emt 0:00:04]} Bxc5 {[%emt 0:00:01]} 24. dxc5 {[%emt 0:00:02]} Qb5 {[%emt 0:00:01]} 25. Qd2 {[%emt 0:00:05]} Rfd8 {[%emt 0:00:06]} 26. h3 {[%emt 0:00:02]} d4 {[%emt 0:00:02]} 27. Bf2 {[%emt 0:00:01]} Rd5 {[%emt 0:00:10]} 28. Kg2 {[%emt 0:00:02]} Rcd8 {[%emt 0:00:01]} 29. g4 {[%emt 0:00:02]} hxg4 {[%emt 0:00:05]} 30. hxg4 {[%emt 0:00:01]} Kf8 {[%emt 0:00:00]} 31. Bh4 {[%emt 0:00:09]} Rc8 {[%emt 0:00:07]} 32. Bf6 {[%emt 0:00:02]} Ke8 {[%emt 0:00:01]} 33. Rh1 {[%emt 0:00:10]} Kd7 {[%emt 0:00:01]} 34. Rh7 {[%emt 0:00:01]} Rf8 {[%emt 0:00:01]} 35. Bg7 {[%emt 0:00:06]} Re8 {[%emt 0:00:09]} 36. Bh6 {[%emt 0:00:04]} d3 {[%emt 0:00:24]} 37. Rxf7+ {[%emt 0:00:02]} Kc8 {[%emt 0:00:01]} 38. Bg5 {[%emt 0:00:08]} Qc4 {[%emt 0:00:03]} 39. a4 {[%emt 0:00:12]} Qe4+ {[%emt 0:00:02]} 40. Kg3 {[%emt 0:00:01]} Nc6 {[%emt 0:00:05]} 41. b5 {[%emt 0:00:03]} Nd4 {[%emt 0:00:06]} 42. Rf1 {[%emt 0:00:14]} Rh8 {[%emt 0:00:19]} 43. Bh4 {[%emt 0:00:14]} Ne2+ {[%emt 0:00:12]} 44. Kh3 {[%emt 0:00:04]} g5 {[%emt 0:00:19]} 45. fxg5 {[%emt 0:00:03]} Rd4 {[%emt 0:00:22]} 46. Rf8+ {[%emt 0:00:07]} Rxf8 {[%emt 0:00:01]} 47. Rxf8+ {[%emt 0:00:01]} Kd7 {[%emt 0:00:02]} 48. c6+ {[%emt 0:00:02]} bxc6 {[%emt 0:00:06]} 49. bxc6+ {[%emt 0:00:01]} Ke7 {[%emt 0:00:02]} 50. g6+ {[%emt 0:00:01]} Kxf8 {[%emt 0:00:05]} 51. Qh6+ {[%emt 0:00:01]} Ke8 {[%emt 0:00:01]} 52. Qh8# {[%emt 0:00:01] (Lag: Av=0.62s, max=1.1s) (Lag: Av=0.62s, max=1.1s) (Lag: Av=0.62s, max=1.1s)} 1-0

[Event "Stay Safe Play From Home 387"]
[Site "Emanuel Lasker Arena"]
[Date "2020.08.16"]
[Round "3"]
[White "Möwe"]
[Black "Dukic"]
[Result "0-1"]
[WhiteElo "1588"]
[BlackElo "1705"]
[Annotator "NA"]
[PlyCount "96"]
[EventDate "2020.08.16"]
[EventType "swiss (blitz)"]

1. e4 {[%emt 0:00:02]} e6 {[%emt 0:00:01]} 2. d4 {[%emt 0:00:01]} Nf6 {[%emt 0:00:02]} 3. e5 {[%emt 0:00:01]} Nd5 {[%emt 0:00:03]} 4. c3 {[%emt 0:00:01]} d6 {[%emt 0:00:01]} 5. Bc4 {[%emt 0:00:01]} Nb6 {[%emt 0:00:01]} 6. Bb3 {[%emt 0:00:01]} dxe5 {[%emt 0:00:04]} 7. dxe5 {[%emt 0:00:01]} Qxd1+ {[%emt 0:00:02]} 8. Bxd1 {[%emt 0:00:01]} Nc6 {[%emt 0:00:01]} 9. Nf3 {[%emt 0:00:02]} Be7 {[%emt 0:00:08]} 10. O-O {[%emt 0:00:02]} Kf8 {[%emt 0:00:02]} 11. Bf4 {[%emt 0:00:09]} h6 {[%emt 0:00:04]} 12. Nd4 {[%emt 0:00:14]} Na5 {[%emt 0:00:15]} 13. Nd2 {[%emt 0:00:08]} a6 {[%emt 0:00:07]} 14. b4 {[%emt 0:00:03]} Nac4 {[%emt 0:00:02]} 15. Bb3 {[%emt 0:00:06]} Nb2 {[%emt 0:00:20]} 16. Rab1 {[%emt 0:00:13]} Nd3 {[%emt 0:00:05]} 17. Bg3 {[%emt 0:00:01]} c5 {[%emt 0:00:04]} 18. bxc5 {[%emt 0:00:02]} Bxc5 {[%emt 0:00:06]} 19. Nc4 {[%emt 0:00:17]} Nd5 {[%emt 0:00:12]} 20. Ne2 {[%emt 0:00:16]} b5 {[%emt 0:00:07]} 21. Nd6 {[%emt 0:00:06]} Bxd6 {[%emt 0:00:39]} 22. exd6 {[%emt 0:00:04]} Bb7 {[%emt 0:00:03]} 23. c4 {[%emt 0:00:06]} Nb6 {[%emt 0:00:12]} 24. cxb5 {[%emt 0:00:13]} axb5 {[%emt 0:00:01]} 25. Bc2 {[%emt 0:00:02]} Nc5 {[%emt 0:00:17]} 26. Rxb5 {[%emt 0:00:03]} Nbd7 {[%emt 0:00:03]} 27. Bb3 {[%emt 0:00:06]} Ba6 {[%emt 0:00:02]} 28. Nd4 {[%emt 0:00:18]} e5 {[%emt 0:00:08]} 29. Bxe5 {[%emt 0:00:16]} Bxb5 {[%emt 0:00:02]} 30. Nxb5 {[%emt 0:00:05]} Nxe5 {[%emt 0:00:01]} 31. Bd5 {[%emt 0:00:11]} Ra5 {[%emt 0:00:07]} 32. Nc7 {[%emt 0:00:15]} g5 {[%emt 0:00:08]} 33. Re1 {[%emt 0:00:02]} Ncd3 {[%emt 0:00:07]} 34. Rb1 {[%emt 0:00:05]} Kg7 {[%emt 0:00:01]} 35. h3 {[%emt 0:00:06]} Rd8 {[%emt 0:00:03]} 36. Nb5 {[%emt 0:00:12]} Nf4 {[%emt 0:00:10]} 37. Bb3 {[%emt 0:00:13]} Rxb5 {[%emt 0:00:03]} 38. Rd1 {[%emt 0:00:07]} Rb6 {[%emt 0:00:01]} 39. g3 {[%emt 0:00:03]} Ne2+ {[%emt 0:00:04]} 40. Kf1 {[%emt 0:00:02]} Nc3 {[%emt 0:00:01]} 41. Re1 {[%emt 0:00:04]} Kh7 {[%emt 0:00:05]} 42. Rxe5 {[%emt 0:00:02]} Rbxd6 {[%emt 0:00:02]} 43. Bxf7 {[%emt 0:00:04]} Kg7 {[%emt 0:00:03]} 44. Bb3 {[%emt 0:00:02]} Rd2 {[%emt 0:00:01]} 45. Re7+ {[%emt 0:00:02]} Kg6 {[%emt 0:00:03]} 46. g4 {[%emt 0:00:07]} Rf8 {[%emt 0:00:05]} 47. Rc7 {[%emt 0:00:21]} Rfxf2+ {[%emt 0:00:02]} 48. Kg1 {[%emt 0:00:03]} Rg2+ {[%emt 0:00:04] Zeit Zeit Zeit (Lag: Av=0.61s, max=1.3s) (Lag: Av=0.61s, max=1.3s) (Lag: Av=0.61s, max=1.3s)} 0-1

[Event "Stay Safe Play From Home 387"]
[Site "Emanuel Lasker Arena"]
[Date "2020.08.16"]
[Round "3"]
[White "Dreamsoldier"]
[Black "buzaglo"]
[Result "1/2-1/2"]
[WhiteElo "1524"]
[BlackElo "1757"]
[Annotator "NA"]
[PlyCount "130"]
[EventDate "2020.08.16"]
[EventType "swiss (blitz)"]

1. e4 {[%emt 0:00:03]} e5 {[%emt 0:00:01]} 2. Bc4 {[%emt 0:00:01]} Be7 {[%emt 0:00:01]} 3. Qh5 {[%emt 0:00:02]} Nh6 {[%emt 0:00:19]} 4. d3 {[%emt 0:00:04]} O-O {[%emt 0:00:29]} 5. Bxh6 {[%emt 0:00:06]} gxh6 {[%emt 0:00:00]} 6. Qxh6 {[%emt 0:00:00]} Bg5 {[%emt 0:00:02]} 7. Qh5 {[%emt 0:00:01]} h6 {[%emt 0:00:04]} 8. Nf3 {[%emt 0:00:01]} c6 {[%emt 0:00:03]} 9. Nxg5 {[%emt 0:00:02]} Qxg5 {[%emt 0:00:01]} 10. Qxg5+ {[%emt 0:00:00]} hxg5 {[%emt 0:00:00]} 11. Nd2 {[%emt 0:00:02]} d5 {[%emt 0:00:01]} 12. exd5 {[%emt 0:00:01]} cxd5 {[%emt 0:00:00]} 13. Bxd5 {[%emt 0:00:00]} Nd7 {[%emt 0:00:02]} 14. Nf3 {[%emt 0:00:02]} g4 {[%emt 0:00:02]} 15. Ng5 {[%emt 0:00:03]} Kg7 {[%emt 0:00:05]} 16. h3 {[%emt 0:00:01]} f6 {[%emt 0:00:05]} 17. Ne6+ {[%emt 0:00:01]} Kg6 {[%emt 0:00:05]} 18. Nxf8+ {[%emt 0:00:00]} Nxf8 {[%emt 0:00:01]} 19. hxg4 {[%emt 0:00:01]} Bxg4 {[%emt 0:00:01]} 20. Be4+ {[%emt 0:00:00]} f5 {[%emt 0:00:01]} 21. Bd5 {[%emt 0:00:02]} Rd8 {[%emt 0:00:06]} 22. f3 {[%emt 0:00:01]} Rxd5 {[%emt 0:00:08]} 23. fxg4 {[%emt 0:00:01]} fxg4 {[%emt 0:00:01]} 24. O-O-O {[%emt 0:00:00]} Ne6 {[%emt 0:00:02]} 25. Rde1 {[%emt 0:00:01]} Nf4 {[%emt 0:00:01]} 26. g3 {[%emt 0:00:03]} Nh5 {[%emt 0:00:04]} 27. Rhg1 {[%emt 0:00:02]} Kf5 {[%emt 0:00:11]} 28. Re4 {[%emt 0:00:01]} Nf6 {[%emt 0:00:11]} 29. Kd2 {[%emt 0:00:03]} Nxe4+ {[%emt 0:00:02]} 30. Ke3 {[%emt 0:00:01]} Ng5 {[%emt 0:00:06]} 31. c4 {[%emt 0:00:01]} Ra5 {[%emt 0:00:02]} 32. Rf1+ {[%emt 0:00:00]} Ke6 {[%emt 0:00:04]} 33. a3 {[%emt 0:00:00]} Nf3 {[%emt 0:00:02]} 34. Rh1 {[%emt 0:00:03]} Kf5 {[%emt 0:00:07]} 35. Rh5+ {[%emt 0:00:01]} Ng5 {[%emt 0:00:01]} 36. Rh8 {[%emt 0:00:02]} Ra6 {[%emt 0:00:02]} 37. Rf8+ {[%emt 0:00:01]} Rf6 {[%emt 0:00:01]} 38. Rb8 {[%emt 0:00:00]} b6 {[%emt 0:00:04]} 39. Rb7 {[%emt 0:00:01]} a5 {[%emt 0:00:01]} 40. b4 {[%emt 0:00:02]} axb4 {[%emt 0:00:01]} 41. axb4 {[%emt 0:00:00]} Ne6 {[%emt 0:00:01]} 42. Rxb6 {[%emt 0:00:02]} Nd4 {[%emt 0:00:03]} 43. Rxf6+ {[%emt 0:00:04]} Kxf6 {[%emt 0:00:00]} 44. Ke4 {[%emt 0:00:00]} Ke6 {[%emt 0:00:06]} 45. b5 {[%emt 0:00:01]} Kd6 {[%emt 0:00:02]} 46. b6 {[%emt 0:00:17]} Nc6 {[%emt 0:00:06]} 47. b7 {[%emt 0:00:03]} Kc7 {[%emt 0:00:01]} 48. Kf5 {[%emt 0:00:02]} Nb4 {[%emt 0:00:05]} 49. Kxg4 {[%emt 0:00:01]} Nxd3 {[%emt 0:00:01]} 50. Kf5 {[%emt 0:00:01]} Kxb7 {[%emt 0:00:03]} 51. g4 {[%emt 0:00:01]} Kc6 {[%emt 0:00:04]} 52. g5 {[%emt 0:00:01]} Nf4 {[%emt 0:00:08]} 53. Kxe5 {[%emt 0:00:02]} Ng6+ {[%emt 0:00:05]} 54. Kf5 {[%emt 0:00:01]} Nh4+ {[%emt 0:00:01]} 55. Kg4 {[%emt 0:00:03]} Ng6 {[%emt 0:00:01]} 56. Kh5 {[%emt 0:00:00]} Nf4+ {[%emt 0:00:01]} 57. Kh6 {[%emt 0:00:00]} Kc5 {[%emt 0:00:01]} 58. Kg7 {[%emt 0:00:02]} Kxc4 {[%emt 0:00:01]} 59. Kf6 {[%emt 0:00:00]} Kd4 {[%emt 0:00:02]} 60. Kf5 {[%emt 0:00:00]} Ke3 {[%emt 0:00:01]} 61. Kf6 {[%emt 0:00:01]} Kf3 {[%emt 0:00:01]} 62. Kf5 {[%emt 0:00:01]} Ke3 {[%emt 0:00:01]} 63. Ke5 {[%emt 0:00:00]} Kf3 {[%emt 0:00:01]} 64. Kf5 {[%emt 0:00:00]} Kg3 {[%emt 0:00:01]} 65. g6 {[%emt 0:00:02]} Nxg6 {[%emt 0:00:01] (Lag: Av=0.56s, max=1.3s) (Lag: Av=0.56s, max=1.3s) (Lag: Av=0.56s, max=1.3s)} 1/2-1/2

[Event "Stay Safe Play From Home 387"]
[Site "Emanuel Lasker Arena"]
[Date "2020.08.16"]
[Round "3"]
[White "Salza1"]
[Black "Ionelluca"]
[Result "0-1"]
[WhiteElo "1408"]
[BlackElo "1994"]
[PlyCount "46"]
[EventDate "2020.08.16"]
[EventType "swiss (blitz)"]
[WhiteTeam "SF Bad Tölz"]

{Ullrich, Alfred (1356)} 1. e4 {[%emt 0:00:04]} d6 {[%emt 0:00:01]} 2. d4 {[%emt 0:00:02]} Nf6 {[%emt 0:00:01]} 3. Bd3 {[%emt 0:00:03]} e5 {[%emt 0:00:01]} 4. d5 {[%emt 0:00:02]} c6 {[%emt 0:00:01]} 5. c4 {[%emt 0:00:01]} Be7 {[%emt 0:00:01]} 6. Nc3 {[%emt 0:00:01]} Nbd7 {[%emt 0:00:01]} 7. Qb3 {[%emt 0:00:02]} Nf8 {[%emt 0:00:03]} 8. dxc6 {[%emt 0:00:02]} bxc6 {[%emt 0:00:02]} 9. Qd1 {[%emt 0:00:02]} Ng6 {[%emt 0:00:02]} 10. h3 {[%emt 0:00:05]} Rb8 {[%emt 0:00:02]} 11. Rb1 {[%emt 0:00:09]} O-O {[%emt 0:00:10]} 12. b3 {[%emt 0:00:04]} Nf4 {[%emt 0:00:04]} 13. Bxf4 {[%emt 0:00:03]} exf4 {[%emt 0:00:01]} 14. Nge2 {[%emt 0:00:02]} f3 {[%emt 0:00:04]} 15. gxf3 {[%emt 0:00:04]} Nh5 {[%emt 0:00:01]} 16. Ng3 {[%emt 0:00:06]} Nf4 {[%emt 0:00:03]} 17. Bf1 {[%emt 0:00:03]} d5 {[%emt 0:00:14]} 18. cxd5 {[%emt 0:00:09]} Qa5 {[%emt 0:00:01]} 19. Nge2 {[%emt 0:00:08]} Nxe2 {[%emt 0:00:03]} 20. Kxe2 {[%emt 0:00:04]} Qxc3 {[%emt 0:00:01]} 21. Rc1 {[%emt 0:00:09]} Ba6+ {[%emt 0:00:01]} 22. Qd3 {[%emt 0:00:39]} Qxd3+ {[%emt 0:00:01]} 23. Ke1 {[%emt 0:00:04]} Bb4+ {[%emt 0:00:00] Salza1 gibt auf Salza1 gibt auf Salza1 gibt auf (Lag: Av=0.55s, max=1.5s) (Lag: Av=0.55s, max=1.5s) (Lag: Av=0.55s, max=1.5s)} 0-1

[Event "Stay Safe Play From Home 387"]
[Site "Emanuel Lasker Arena"]
[Date "2020.08.16"]
[Round "4"]
[White "Mepe_Nika"]
[Black "SelamiSahin"]
[Result "0-1"]
[WhiteElo "2306"]
[BlackElo "2159"]
[Annotator "TA"]
[PlyCount "58"]
[EventDate "2020.08.16"]
[EventType "swiss (blitz)"]

{[%evp 21,58,34,41,-11,-14,-1,0,-43,-38,-96,-105,-120,-120,-143,-128,-136,-125,-160,-124,-159,-139,-131,-133,-129,-159,-200,-114,-474,-225,-611,-565,-774,-806,-827,-856,-793,-765,-29995,-29996]} 1. d4 Nf6 2. c4 g6 3. Nc3 c5 4. d5 d6 5. e4 e6 6. Nf3 exd5 7. exd5 Bg7 8. Bd3 Bg4 9. O-O O-O 10. h3 Bxf3 11. Qxf3 Nbd7 12. Bf4 {E90: King's Indian: Classical: Early deviations and 6 h3.} (12. Qd1 $14) 12... Ne5 $11 13. Bxe5 dxe5 {[#]} 14. a4 $146 {The position is equal.} ({Predecessor:} 14. Qe3 Nd7 15. a3 f5 16. Rac1 Qh4 17. Qe2 a6 18. a4 e4 19. Bb1 Rae8 20. Rce1 {0-1 (31) Pilar,V (1453)-Lystsov,L (1705) Prague 2016}) 14... Ne8 15. a5 (15. Qe3 $15) 15... f5 $17 {Threatens to win with ...e4.} 16. Qd1 e4 17. Bc2 Nd6 18. Ra4 Qd7 19. Qc1 Rf7 20. f3 Bd4+ 21. Kh1 exf3 22. Rxf3 Re7 23. Rf1 Rae8 (23... Re3 $19 24. a6 f4) 24. Qd2 $2 {[%mdl 8192] [#] This move loses the game for White.} (24. Ra3 $17 {is tougher.}) 24... Re5 (24... Re3 $142 {...Qd8 is the strong threat.} 25. a6 bxa6) 25. b3 $2 (25. Qf4) 25... Qe7 26. Raa1 Re3 27. Bd3 Qg5 {[#] aiming for ...Rxh3+!} 28. Rad1 Qg3 {( -> ...Be5)} 29. Nb5 Be5 {Accuracy: White = 20%, Black = 67%.} 0-1